Asia falling ? Making sense of the Asian currency crisis and its aftermath (Record no. 41674)

MARC details
000 -LEADER
fixed length control field 00327nam a2200109Ia 4500
082 ## - DEWEY DECIMAL CLASSIFICATION NUMBER
Classification number 336.74(5)
Item number HEN
100 ## - MAIN ENTRY--AUTHOR NAME
Personal name Henderson, Callum
245 #0 - TITLE STATEMENT
Title Asia falling ? Making sense of the Asian currency crisis and its aftermath
260 ## - PUBLICATION, DISTRIBUTION, ETC. (IMPRINT)
Place of publication Singapore
Name of publisher McGra-Hill
Year of publication 1998
942 ## - ADDED ENTRY ELEMENTS (KOHA)
Koha item type Books
Holdings
Withdrawn status Lost status Damaged status Not for loan Home library Current library Date acquired Cost, normal purchase price Full call number Accession Number Koha item type
        RRII Library RRII Library 16/12/2021 12.95 336.74(5) HEN 21960 Books